000 00576nam a2200193Ia 4500
005 20250508165938.0
008 008 250505s9999 xx 000 0 eng d
037 _aDissertations
040 _aFEDL
_beng
_cFEDL
041 _aeng
_2eng
084 _a371.2, UPA/DI
_qFEDL
100 _aUpadhyay Shivani
_9782490
245 0 _aSchool and community partnership: A study of school management committees
260 _c2018
300 _a109p.
546 _aM.Ed. Dissertation, (Delhi University)
942 _cDIS
_h371.2, UPA/DI
999 _c1398340
_d1398340